'H' Literary Characters (Clickable) Quiz Stats

 Plays Quiz not verified by Sporcle

Challenge
Share
Tweet
Embed
Score 0/19 Timer 04:00
1 Play Today
% Correct
Shakespeare, William
98.5%
Rowling, J. K.
98.3%
Twain, Mark
97.4%
Seuss, Dr.
91.9%
Christie, Agatha
91%
Salinger, J. D.
90.9%
Stevenson, Robert Louis
84.9%
Hawthorne, Nathaniel
81.7%
Capote, Truman
80.8%
Clarke, Arthur C.
77.3%
% Correct
Harris, Thomas
76.9%
Nabokov, Vladimir
74.9%
Spyri, Johanna
72.8%
Ibsen, Henrik
67.7%
Collins, Suzanne
66.9%
Adams, Richard
52.7%
Updike, John
49.5%
Jacobs, W. W.
35.9%
Selznick, Brian
33.5%

You're not logged in!

Compare scores with friends on all Sporcle quizzes.
Join for Free
OR
Log In

You Might Also Like...

Show Comments

Extras

Top Quizzes Today


Score Distribution

Your Account Isn't Verified!

In order to create a playlist on Sporcle, you need to verify the email address you used during registration. Go to your Sporcle Settings to finish the process.

Report this User

Report this user for behavior that violates our Community Guidelines.

Details: